Music Quiz

Random Music or Song Quiz

Musicals By Clip Quiz Stats

 Plays Quiz not verified by Sporcle

Also try: Band by Live Album
Challenge
Share
Tweet
Embed
Score 0/50 Timer 15:00
0 Plays Today
Time Musical % Correct
1:50-2:03Hairspray
89.1%
1:08-1:21My Fair Lady
87.9%
5:48-6:02The Lion King
86.7%
10:31-10:44Annie
86.7%
9:35-9:48The Sound of Music
85.5%
8:11-8:24Rent
84.2%
8:53-9:06West Side Story
84.2%
2:04-2:17Les Miserables
81.2%
3:14-3:27Chicago
75.8%
00:26-00:39Wicked
74.5%
6:16-6:29A Chorus Line
74.5%
6:30-6:44Mamma Mia!
72.1%
7:29-7:42The Music Man
70.9%
10:17-10:30Cats
66.1%
5:34-5:47Phantom of the Opera
65.5%
3:00-3:13Gypsy
63.6%
4:24-4:36Oklahoma
61.2%
5:20-5:33A Little Night Music
60.6%
6:45-6:58Oliver!
60.6%
4:37-4:51Fiddler on the Roof
58.8%
3:28-3:41Cabaret
58.2%
5:06-5:19Into the Woods
57.6%
00:54-1:07Singin' in the Rain
55.2%
10:45-10:58Jesus Christ Superstar
53.3%
6:03-6:15Evita
52.7%
Time Musical % Correct
10:59-11:12Avenue Q
50.9%
1:36-1:49Next to Normal
49.7%
8:25-8:38Dreamgirls
48.5%
9:49-10:02Guys and Dolls
47.3%
6:59-7:12Sweeney Todd
46.1%
2:18-2:31On the Town
43.6%
7:43-7:56Bye Bye Birdie
43.6%
7:57-8:10The Producers
43.6%
00:00-00:11The Wild Party
42.4%
00:11-00:25Spring Awakening
41.2%
3:42-3:55Kiss Me Kate
38.2%
8:39-8:52Sweet Charity
37.6%
00:40-00:53Mame
33.9%
3:56-4:09South Pacific
33.3%
9:07-9:20Company
29.7%
11:13-11:26Damn Yankees
29.1%
2:46-2:59Hair
26.1%
2:32-2:45The Who's Tommy
24.2%
7:13-7:28The Pajama Game
24.2%
10:03-10:16Funny Girl
22.4%
4:10-4:23Anyone Can Whistle
20.6%
4:52-5:05Fame
20.6%
9:21-9:34You're a Good Man, Charlie Brown
20.6%
1:22-1:35Pal Joey
14.5%
11:27-11:41Promises, Promises
10.9%

You're not logged in!

Compare scores with friends on all Sporcle quizzes.
OR
Log In

You Might Also Like...

Show Comments

Extras

Top Quizzes Today


Score Distribution

Your Account Isn't Verified!

In order to create a playlist on Sporcle, you need to verify the email address you used during registration. Go to your Sporcle Settings to finish the process.

Report this User

Report this user for behavior that violates our Community Guidelines.

Details: